| 000 -LEADER |
| fixed length control field |
00964cam a2200289Ia 4500 |
| 020 ## - INTERNATIONAL STANDARD BOOK NUMBER |
| ISBN |
157039850X (Course 1) |
| 020 ## - INTERNATIONAL STANDARD BOOK NUMBER |
| ISBN |
9781570398506 (Course 1) |
| 020 ## - INTERNATIONAL STANDARD BOOK NUMBER |
| ISBN |
1570398550 (Course 2) |
| 020 ## - INTERNATIONAL STANDARD BOOK NUMBER |
| ISBN |
9781570398551 (Course 2) |
| 020 ## - INTERNATIONAL STANDARD BOOK NUMBER |
| ISBN |
1570398607 (Course 3) |
| 020 ## - INTERNATIONAL STANDARD BOOK NUMBER |
| ISBN |
9780078272905 (Course 3) |
| 022 ## - INTERNATIONAL STANDARD SERIAL NUMBER |
| ISSN |
0078272904 |
| 040 ## - CATALOGING SOURCE |
| Transcribing agency |
UUS |
| 082 #4 - DEWEY DECIMAL CLASSIFICATION NUMBER |
| Classification number |
372 IMP 2000 C260 Or. |
| 245 00 - TITLE STATEMENT |
| Title |
Impact mathematics : |
| Remainder of title |
algebra and more for the middle grades / |
| 246 30 - VARYING FORM OF TITLE |
| Title proper/short title |
Algebra and more for the middle grades |
| 260 ## - PUBLICATION, DISTRIBUTION, ETC. (IMPRINT) |
| Place of publication |
Chicago, Ill. : |
| Name of publisher |
Everyday Learning : |
| -- |
Glencoe McGraw-Hill, |
| Year of publication |
2000-[2002] |
| 300 ## - PHYSICAL DESCRIPTION |
| Number of Pages |
3 v. : |
| Other physical details |
ill. (some col.) ; |
| Dimensions |
28 cm. + |
| Accompanying material |
3 teaching resources |
| 500 ## - GENERAL NOTE |
| General note |
Includes indexes |
| 520 ## - SUMMARY, ETC. |
| Summary, etc |
"Complete coverage of algebra 1 by the end of grade 8"--Catalog cover |
| 650 #0 - SUBJECT ADDED ENTRY--TOPICAL TERM |
| Topical Term |
Mathematics |
| 650 #0 - SUBJECT ADDED ENTRY--TOPICAL TERM |
| Topical Term |
Algebra |
| 650 #0 - SUBJECT ADDED ENTRY--TOPICAL TERM |
| Topical Term |
Algebra |
| 650 #0 - SUBJECT ADDED ENTRY--TOPICAL TERM |
| Topical Term |
Mathematics |
| 710 2# - ADDED ENTRY--CORPORATE NAME |
| Corporate name or jurisdiction name as entry element |
Education Development Center |
| 942 ## - ADDED ENTRY ELEMENTS (KOHA) |
| Koha item type |
ADB |
| 952 ## - LOCATION AND ITEM INFORMATION (KOHA) |
| Withdrawn status [LOCAL, KOHA] |
0 |